| 000 | 00998cam a2200301 i 4500 | ||
|---|---|---|---|
| 001 | 125022 | ||
| 005 | 20230410103925.0 | ||
| 008 | 170525s2015 enka 000 0 eng | ||
| 020 | _a9781408870174 | ||
| 020 | _a9781408840597 | ||
| 041 | 0 | _aeng | |
| 050 | 1 | 4 |
_a439 DS 63.1 _bD171n 2015 |
| 100 | 1 | _aDanahar, Paul | |
| 245 | 1 | 4 |
_aThe new Middle East : _bthe world after the Arab Spring / _cPaul Danahar |
| 260 |
_aLondon : _bBloomsbury, _c2015 |
||
| 300 |
_a480 p. ; _c20 cm |
||
| 500 | _aPrevious edition: 2014. "Updated, with new material on ISIS" - cover. Formerly CIP. | ||
| 650 | 0 | _aArab Spring, 2010. | |
| 650 | 0 |
_aArab Spring, 2010 _xCongresses |
|
| 650 | 0 |
_aArab Spring, 2010 _xFicción. |
|
| 650 | 0 |
_aMiddle East _xPolitics and government _x1979. |
|
| 650 | 4 | _aPrimavera Arabe, 2010. | |
| 650 | 4 |
_aPrimavera Arabe, 2010 _xCongresos. |
|
| 650 | 4 |
_aPrimavera Arabe, 2010 _xFicción. |
|
| 650 | 4 |
_aMedio Oriente _xPolítica y gobierno _x1979. |
|
| 942 |
_2lcc _cbk |
||
| 946 | _adpf | ||
| 999 |
_c28516 _d28516 |
||